| 000 | 02076nam a2200385 a 4500 | ||
|---|---|---|---|
| 001 | ebr10483387 | ||
| 003 | CaPaEBR | ||
| 006 | m u | ||
| 007 | cr cn||||||||| | ||
| 008 | 020611s2002 inub sb 001 0 eng d | ||
| 010 | _z 2002009253 | ||
| 020 | _z1575060655 (alk. paper) | ||
| 020 | _z9781575060651 | ||
| 020 | _z9781575065342 (e-book) | ||
| 040 |
_aCaPaEBR _cCaPaEBR |
||
| 035 | _a(OCoLC)747412043 | ||
| 043 | _aaw----- | ||
| 050 | 1 | 4 |
_aBS1199.N3 _bG76 2002eb |
| 082 | 0 | 4 |
_a220.8/32054 _221 |
| 100 | 1 |
_aGrosby, Steven Elliott, _d1951- |
|
| 245 | 1 | 0 |
_aBiblical ideas of nationality _h[electronic resource] : _bancient and modern / _cSteven Grosby. |
| 260 |
_aWinona Lake, Ind. : _bEisenbrauns, _c2002. |
||
| 300 |
_ax, 269 p. : _bmap. |
||
| 504 | _aIncludes bibliographical references and indexes. | ||
| 505 | 0 | _aReligion and nationality in antiquity -- Kinship, territory, and the nation in the historiography of ancient Israel -- Sociological implications of the distinction between "locality" and extended "territory" -- The chosen people of ancient Israel and the Occident : why does nationality exist and survive? -- Borders, territory, and nationality in the ancient Near East and Armenia -- �Aram kulloh and the worship of Hadad : a nation of Aram? -- The category of the primordial in the study of early Christianity and second-century Judaism -- Territoriality -- The nation of the United States and the vision of ancient Israel -- Nationality and religion. | |
| 533 |
_aElectronic reproduction. _bPalo Alto, Calif. : _cebrary, _d2013. _nAvailable via World Wide Web. _nAccess may be limited to ebrary affiliated libraries. |
||
| 650 | 0 |
_aNationalism _xBiblical teaching. |
|
| 650 | 0 |
_aNationalism _xReligious aspects. |
|
| 650 | 0 |
_aNationalism _zMiddle East. |
|
| 650 | 0 | _aReligion and state. | |
| 650 | 0 | _aJewish nationalism. | |
| 655 | 7 |
_aElectronic books. _2local |
|
| 710 | 2 | _aebrary, Inc. | |
| 856 | 4 | 0 |
_uhttp://site.ebrary.com/lib/rucke/Doc?id=10483387 _zAn electronic book accessible through the World Wide Web; click to view |
| 999 |
_c225719 _d225719 |
||